00733 2200265 4500001002100000005001700021008004100038020002200079035002400101040001200125041000800137082001700145084001700162090002100179100001500200245007400215250001100289260003900300300003500339504002600374650001100400700002200411850001200433990002200445INLIS00000000002941520170724110332.0  a978-979-1464-56-7 0010-071700000000585 aYOPDYOG0 aind042[23]a808.51 a808.51 Tau M aDEP 808.51 Tau M1 aTAUFIQ, M.1 aMenjadi orator profesionalc/ M. Taufiq; ilustrasi, Sigit Dwi Nugroho aCet. 1 aYogyakartabCitra Aji Paramac2008 aiv, 68 hlm.b: ilus.c; 21 cm. aBibliografi : hlm. 68 4aPidato0 aSigit Dwi Nugroho aYOPDYOG aCB-D.11/2008-2227